1588 1383 1629 1481 1498 1188 1624 1546 1308 1846 1121 1928 1945 1756 1295 1953 1779 1465 1277 1099 1275 1932 1772 1699 1186 1601 1162 1983 1841 1904 1122 1018 1191 1309 1430 1244 1696 1605 1654 1547 1848 1146 1677 1118 1867 1653 1879 1891 1154 1539 1608 1289 1959 1771 1197 1452 1465 1055 1728 1659 1195 1584 1982 1143 1674 1720 1465 1585 1903 1035 1673 1144 1086 1280 1374 1408 1250 1644 1466 1368 1470 1421 1097 1358 1361 1099 1883 1172 1445 1783 1392 1388 1183 1876 1820 1788 1332 1223 1214 BCNSPRNW ULIB Ver.6.0+V

เปลี่ยนเป็นภาษาไทย

Change to English
 แสดงรายละเอียดบรรณานุกรม
  กลับหน้าหลัก

Brief Record : Get Marc (ISO 2709) : E-mail record : QR code < ปิดหน้าต่าง
LEADER : 00000nam 2200000uu 4500
001    13399129202
003     ULIB
008    020711s2568 th a 000 0 tha d
020    ^a9786166232233
060    ^aWY32^bส361ท
100    ^aสฤษดิ์ ธัญกิจจานุกิจ
245    ^aเทคนิควิเคราะห์คำถามกฎหมายที่เกี่ยวข้องกับการประกอบวิชาชีพการพยาบาลและการผดุงครรภ์
250    ^aพิมพ์ครั้งที่ 1
260    ^aกรุงเทพฯ :^bศูนย์หนังสือจุฬาลงกรณ์มหาวิทยาลัย,^c2568
300    ^a183 หน้า;^b19 ซม.
650    ^aกฎหมาย^xพยาบาล
999    ^aประนอม เกษจรัล
รายการนี้ยังไม่มีแท็ก
คุณยังไม่ได้ล็อกอิน คุณสามารถมีกิจกรรมร่วมกับเว็บไซต์ได้ แต่ต้องล็อกอินก่อน ::
  ล็อกอิน

รายการสื่อสารสนเทศ

ลำดับที่ ประเภท เลขเรียก/บาร์โค้ด สถานที่ สถานะ
1. Book การพยาบาล
หนังสือสำรอง
สถานะ=หนังสือสำรอง
WY32 ส361ท ฉ.1 
  Barcode: 012143
ห้องสมุดวิทยาเขตสวรรค์ประชารักษ์
►หนังสือทั่วไป
บนชั้น
2. Book การพยาบาล
Book การพยาบาล
WY32 ส361ท ฉ.2 
  Barcode: 012144
ห้องสมุดวิทยาเขตสวรรค์ประชารักษ์
►หนังสือทั่วไป
บนชั้น
3. Book การพยาบาล
Book การพยาบาล
WY32 ส361ท ฉ.3 
  Barcode: 012145
ห้องสมุดวิทยาเขตสวรรค์ประชารักษ์
►หนังสือทั่วไป
บนชั้น
4. Book การพยาบาล
Book การพยาบาล
WY32 ส361ท ฉ.4 
  Barcode: 012146
ห้องสมุดวิทยาเขตสวรรค์ประชารักษ์
►หนังสือทั่วไป
บนชั้น
5. Book การพยาบาล
Book การพยาบาล
WY32 ส361ท ฉ.5 
  Barcode: 012147
ห้องสมุดวิทยาเขตสวรรค์ประชารักษ์
►หนังสือทั่วไป
บนชั้น

BibComment


ยังไม่เคยถูกคอมเมนท์

คอมเมนท์ทรัพยากรรายการนี้
  คอมเมนท์: เทคนิควิเคราะห์ค..


 Copyright 2026. Bcnsprnw @Library